000
00382nam a2200133Ia 4500
008
100328s9999 xx 000 0 und d
082
_b
21047
100
_a
नाशिककर शांताबाई
245
_a
कीर्ति
260
_b
मोहनजी शेठ हिरजी
630
_a
कीर्ति
730
_a
कीर्ति
942
_c
BOOK
999
_c
515096
_d
515093